[Event "DEM U12 2005"]
[Site "Willingen GER"]
[Date "2005.05.21"]
[Round "11"]
[White "Mertens, Fridolin"]
[Black "Riabov, Igor"]
[Result "0-1"]
[Termination "normal"]
[Board "36"]
[WhiteElo "1443"]
[BlackElo "1380"]
[PlyCount "94"]
[WhiteFideId "24671940"]
[EventCountry "GER"]
[EventRounds "11"]
[EventType "swiss"]
[EventDate "2005.05.15"]

1. e4 e6 2. d4 d5 3. Nd2 dxe4 4. Nxe4 Bd7 5. Nf3 Bc6 6. Ned2 Nd7 7. c3 Ngf6 8.
Bd3 Be7 9. O-O O-O 10. Re1 Rb8 11. Ne4 b6 12. Qc2 Bb7 13. Bf4 Rc8 14. Rad1 Nd5
15. Bg3 N7f6 16. a3 c5 17. dxc5 Qe8 18. cxb6 axb6 19. Nxf6+ Nxf6 20. Qe2 Qa4
21. Bc2 Qa5 22. Ne5 Ba6 23. Qf3 Qc5 24. Nd7 Nxd7 25. Rxd7 Bb5 26. Rd4 Bf6 27.
Rdd1 Bc6 28. Qd3 Qh5 29. Qe3 b5 30. Be4 Bxe4 31. Qxe4 Rfd8 32. Rxd8+ Rxd8 33.
f3 Qc5+ 34. Bf2 Qc7 35. Qb4 Qc6 36. Qa5 Rd2 37. b3 Bxc3 38. Qa7 h6 39. Rc1 Rd3
40. Kh1 Qd5 41. b4 Rd1+ 42. Rxd1 Qxd1+ 43. Bg1 Bb2 44. Qa8+ Kh7 45. Qe4+ g6 46.
Qe3 e5 47. h3 Bd4 0-1

[Event "DEM U12 2005"]
[Site "Willingen GER"]
[Date "2005.05.21"]
[Round "11"]
[White "Kreiter, Thomas"]
[Black "Kreutzer, Alexander"]
[Result "1-0"]
[Termination "normal"]
[Board "37"]
[WhiteElo "1312"]
[BlackElo "1442"]
[PlyCount "69"]
[WhiteFideId "24645591"]
[BlackFideId "24670685"]
[EventCountry "GER"]
[EventRounds "11"]
[EventType "swiss"]
[EventDate "2005.05.15"]

1. e4 e5 2. Nf3 Nc6 3. Bb5 a6 4. Bxc6 dxc6 5. O-O Bd6 6. c3 Ne7 7. d4 exd4 8.
cxd4 Ng6 9. Nc3 Bf4 10. Bxf4 Nxf4 11. Qd2 g5 12. Rfe1 Bg4 13. Qe3 Qe7 14. Rad1
O-O-O 15. h3 Nxh3+ 16. gxh3 Bxh3 17. d5 c5 18. Ne5 Qxe5 19. Qxh3+ Kb8 20. Qg3
Qg7 21. Na4 c4 22. d6 cxd6 23. Rxd6 Ka7 24. Qe3+ Kb8 25. Qb6 Rxd6 26. Qxd6+ Ka7
27. Qc5+ Kb8 28. Rd1 g4 29. Qd6+ Ka8 30. Qc7 g3 31. Rd8+ Rxd8 32. Qxd8+ Ka7 33.
Qb6+ Kb8 34. Qd6+ Ka7 35. Qxg3 1-0

[Event "DEM U12 2005"]
[Site "Willingen GER"]
[Date "2005.05.21"]
[Round "11"]
[White "Risius, Philipp"]
[Black "Stitterich, Nadine"]
[Result "1-0"]
[Termination "normal"]
[Board "38"]
[WhiteElo "1429"]
[BlackElo "1301"]
[PlyCount "73"]
[WhiteFideId "24630330"]
[BlackFideId "24676527"]
[EventCountry "GER"]
[EventRounds "11"]
[EventType "swiss"]
[EventDate "2005.05.15"]

1. e4 e5 2. Nf3 Nc6 3. Bc4 Bc5 4. d3 Nf6 5. Nc3 d6 6. Bg5 Be6 7. Bb3 O-O 8. O-O
a6 9. Re1 Ba7 10. Nd5 Bxd5 11. Bxd5 Rb8 12. c3 Qe7 13. d4 Nd8 14. Bb3 Ne6 15.
Bxf6 Qxf6 16. Rc1 Nf4 17. Re3 Ng6 18. Bc4 Rfe8 19. Bf1 c6 20. g3 Qd8 21. Re1
Qb6 22. Rc2 Rbd8 23. Ree2 Qc7 24. Rcd2 Rd7 25. Rd3 Rde7 26. dxe5 dxe5 27. Red2
Rf8 28. h4 h5 29. Ng5 f6 30. Qb3+ Kh8 31. Ne6 Qc8 32. Nxf8 Qxf8 33. Rd8 Re8 34.
Qd1 Bb6 35. Qxh5+ Kg8 36. Bc4+ Qf7 37. Rxe8+ 1-0

[Event "DEM U12 2005"]
[Site "Willingen GER"]
[Date "2005.05.21"]
[Round "11"]
[White "Marx, Joschka"]
[Black "Wild, Katharina"]
[Result "1/2-1/2"]
[Termination "normal"]
[Board "39"]
[WhiteElo "1419"]
[BlackElo "1294"]
[PlyCount "61"]
[WhiteFideId "24645869"]
[BlackFideId "24678015"]
[EventCountry "GER"]
[EventRounds "11"]
[EventType "swiss"]
[EventDate "2005.05.15"]

1. e4 c6 2. d4 d5 3. exd5 cxd5 4. Bd3 Nf6 5. c3 Bg4 6. Ne2 e6 7. O-O Nc6 8. Bf4
Bd6 9. Bxd6 Qxd6 10. Nd2 O-O 11. Qc2 Rfc8 12. Nb3 Nb4 13. Qd2 Nxd3 14. Qxd3 b6
15. Ng3 Rc7 16. Rfe1 a5 17. a4 Re8 18. Re5 Bf5 19. Nxf5 exf5 20. Rxe8+ Nxe8 21.
Qxf5 Re7 22. Qd3 Qe6 23. h3 Nf6 24. Nd2 Nh5 25. Qf3 Nf6 26. Rc1 Rc7 27. Kf1 Ne4
28. Nxe4 dxe4 29. Qe2 f5 30. c4 Qd6 31. Qe3 1/2-1/2

[Event "DEM U12 2005"]
[Site "Willingen GER"]
[Date "2005.05.21"]
[Round "11"]
[White "Lebek, Ricarda"]
[Black "Garny, Annica"]
[Result "1-0"]
[Termination "normal"]
[Board "40"]
[WhiteElo "1394"]
[BlackElo "1259"]
[PlyCount "115"]
[WhiteFideId "4624688"]
[BlackFideId "24600660"]
[EventCountry "GER"]
[EventRounds "11"]
[EventType "swiss"]
[EventDate "2005.05.15"]

1. e4 e5 2. Nf3 Nc6 3. d4 exd4 4. Nxd4 Nf6 5. Nxc6 bxc6 6. e5 Qe7 7. Qe2 Nd5 8.
c4 Ba6 9. g3 g6 10. Bg2 Bg7 11. O-O Bxe5 12. Re1 Bf6 13. Qd2 Be5 14. cxd5 O-O-O
15. Qe3 Rhe8 16. Qxa7 Bb7 17. Re3 Qb4 18. Rb3 Bd4 19. Rxb4 Bxa7 20. Re4 Rxe4
21. Bxe4 Re8 22. Nc3 cxd5 23. Bxd5 Bxd5 24. Nxd5 Re1+ 25. Kg2 Re2 26. Be3 Bxe3
27. Nxe3 Rxb2 28. a4 c5 29. a5 Kb7 30. Rd1 Kc6 31. Nc4 Re2 32. a6 Re7 33. a7
Re8 34. Rd6+ Kc7 35. Ra6 Kb7 36. Rd6 Kc7 37. Rf6 Ra8 38. Rxf7 Rxa7 39. Rxh7 Ra4
40. Ne5 Rd4 41. Kf3 Rd5 42. Ke4 Rd4+ 43. Ke3 Rd5 44. Nxg6 c4 45. Nf8 c3 46.
Rxd7+ Rxd7 47. Nxd7 Kxd7 48. Kd3 Ke6 49. Kxc3 Kf5 50. f3 Kg5 51. Kd4 Kf5 52. f4
Kg6 53. Ke5 Kf7 54. h4 Kg6 55. f5+ Kf7 56. h5 Kg7 57. Ke6 Kf8 58. f6 1-0

[Event "DEM U12 2005"]
[Site "Willingen GER"]
[Date "2005.05.21"]
[Round "11"]
[White "Saak, Saskia"]
[Black "Wapenhans, Martin"]
[Result "1/2-1/2"]
[Termination "normal"]
[Board "41"]
[WhiteElo "1167"]
[BlackElo "1416"]
[PlyCount "38"]
[EventCountry "GER"]
[EventRounds "11"]
[EventType "swiss"]
[EventDate "2005.05.15"]

1. e4 c5 2. Nf3 Nc6 3. d4 cxd4 4. Nxd4 Nf6 5. Nc3 e5 6. Ndb5 d6 7. Bg5 a6 8.
Na3 b5 9. Nd5 Be7 10. Bxf6 Bxf6 11. c3 O-O 12. Nc2 Bg5 13. Be2 Bb7 14. O-O Rb8
15. Bf3 Kh8 16. b3 f5 17. Qd3 fxe4 18. Bxe4 h6 19. Rad1 Ne7 1/2-1/2

[Event "DEM U12 2005"]
[Site "Willingen GER"]
[Date "2005.05.21"]
[Round "11"]
[White "Rau, Carla"]
[Black "Meyer, Stephan"]
[Result "0-1"]
[Termination "normal"]
[Board "42"]
[WhiteElo "1063"]
[BlackElo "1395"]
[PlyCount "110"]
[EventCountry "GER"]
[EventRounds "11"]
[EventType "swiss"]
[EventDate "2005.05.15"]

1. d4 g6 2. Nf3 Bg7 3. e3 Nf6 4. Bd3 d6 5. O-O Nc6 6. c3 O-O 7. Nbd2 e5 8. Re1
Re8 9. e4 exd4 10. cxd4 Bg4 11. Qc2 Nb4 12. Qb3 Nxd3 13. Qxd3 c6 14. b3 c5 15.
d5 Bxf3 16. Qxf3 Nxd5 17. Rb1 Qa5 18. Bb2 Qxd2 19. Bxg7 Kxg7 20. Rbd1 Qf4 21.
exd5 Qxf3 22. gxf3 Kf8 23. Re3 Re7 24. Rde1 Rae8 25. Kg2 Rxe3 26. fxe3 Re5 27.
e4 f5 28. Kg3 fxe4 29. fxe4 Kg7 30. Kf4 g5+ 31. Kg4 Kg6 32. h4 h5+ 33. Kh3 g4+
34. Kg3 b5 35. Kf4 Kf6 36. Rc1 Ke7 37. a4 bxa4 38. bxa4 a5 39. Rb1 Kd8 40. Rb5
Kc7 41. Rxa5 Kb6 42. Rb5+ Ka6 43. Rb1 Ka5 44. Ra1 c4 45. Ra3 Kb4 46. Ra1 Kb3
47. a5 c3 48. a6 c2 49. a7 Re8 50. Re1 Kb2 51. Re2 Kb1 52. Kg3 c1=Q 53. Rd2
Qxd2 54. e5 Rf8 55. a8=Q Rf3# 0-1

[Event "DEM U12 2005"]
[Site "Willingen GER"]
[Date "2005.05.21"]
[Round "11"]
[White "Micklich, Rahel"]
[Black "Falke, Cynthia"]
[Result "0-1"]
[Termination "normal"]
[Board "43"]
[WhiteElo "1294"]
[BlackElo "1190"]
[PlyCount "94"]
[WhiteFideId "24639184"]
[BlackFideId "24600644"]
[EventCountry "GER"]
[EventRounds "11"]
[EventType "swiss"]
[EventDate "2005.05.15"]

1. d4 d5 2. c4 e6 3. Nc3 Nf6 4. Bg5 Nbd7 5. Nf3 c6 6. e3 Qa5 7. Bxf6 Nxf6 8. a3
Ne4 9. cxd5 Nxc3 10. bxc3 Qxc3+ 11. Nd2 cxd5 12. Qa4+ Bd7 13. Qd1 Bxa3 14. Be2
Bd6 15. Rc1 Qa5 16. Ra1 Qc7 17. Rc1 Bc6 18. Bb5 O-O 19. Bxc6 bxc6 20. Qa4 Rfc8
21. Nb3 Rab8 22. Ke2 Rb4 23. Qa2 Rcb8 24. Nd2 Rb2 25. Qa4 R8b6 26. Ra1 Bb4 27.
Rhd1 a5 28. Ra2 Bc3 29. Rxb2 Rxb2 30. Kd3 Rxd2+ 31. Rxd2 Bxd2 32. Kxd2 Qb6 33.
Qc2 Qb4+ 34. Qc3 Qb5 35. Qc5 f6 36. Qe7 Qb2+ 37. Kd1 Qb3+ 38. Ke2 Qc2+ 39. Ke1
Qc3+ 40. Ke2 Qc2+ 41. Ke1 h6 42. Qxe6+ Kh7 43. g4 a4 44. Qd6 Qc3+ 45. Kd1 a3
46. Qf4 Qd3+ 47. Kc1 a2 0-1

[Event "DEM U12 2005"]
[Site "Willingen GER"]
[Date "2005.05.21"]
[Round "11"]
[White "Rogasch, Miriam"]
[Black "Lauer, Florian"]
[Result "0-1"]
[Termination "normal"]
[Board "44"]
[WhiteElo "774"]
[BlackElo "1382"]
[PlyCount "90"]
[WhiteFideId "4616324"]
[BlackFideId "12910074"]
[EventCountry "GER"]
[EventRounds "11"]
[EventType "swiss"]
[EventDate "2005.05.15"]

1. e4 c5 2. Nf3 Nc6 3. d4 cxd4 4. Nxd4 g6 5. Be3 Bg7 6. Be2 Nf6 7. Nb3 Nxe4 8.
c3 Nf6 9. N1d2 d6 10. f4 Nd5 11. Nf1 Nxe3 12. Nxe3 O-O 13. O-O Qb6 14. Qd3 Bf5
15. Qd2 Rfe8 16. Kh1 Be6 17. Nc4 Qc7 18. Bd3 Nd8 19. Qe2 Bh6 20. Ncd2 Bxb3 21.
Nxb3 Bg7 22. Rac1 Nc6 23. Qf3 f5 24. Bc4+ e6 25. Rcd1 Kh8 26. Qd3 d5 27. Bb5 a6
28. Bxc6 bxc6 29. Nc5 Qb6 30. b4 a5 31. a3 axb4 32. axb4 Ra3 33. Rc1 d4 34. Qc4
Rxc3 35. Rxc3 dxc3 36. Nxe6 Qb5 37. Qxb5 cxb5 38. Nxg7 Kxg7 39. Rd1 c2 40. Rd7+
Kh6 41. Rc7 Re2 42. Kg1 Rd2 43. Kf1 Rd1+ 44. Ke2 c1=Q 45. Rxc1 Rxc1 0-1

[Event "DEM U12 2005"]
[Site "Willingen GER"]
[Date "2005.05.21"]
[Round "11"]
[White "von Wardenburg, Jendrik"]
[Black "Mytyukova, Yevgeniya"]
[Result "1/2-1/2"]
[Termination "normal"]
[Board "45"]
[WhiteElo "965"]
[BlackElo "1201"]
[PlyCount "46"]
[EventCountry "GER"]
[EventRounds "11"]
[EventType "swiss"]
[EventDate "2005.05.15"]

1. e4 e5 2. Bc4 Bc5 3. Nf3 Nc6 4. c3 Nf6 5. d4 exd4 6. cxd4 Bb4+ 7. Bd2 Bxd2+
8. Nbxd2 d5 9. exd5 Nxd5 10. O-O O-O 11. Re1 Na5 12. Bd3 Bg4 13. h3 Bh5 14. Qc2
Nf6 15. Re5 Bxf3 16. Nxf3 Nc6 17. Rc5 Nb4 18. Qc4 Nxd3 19. Qxd3 Re8 20. Re1 Qd6
21. Qc4 c6 22. Rce5 h6 23. a4 a5 1/2-1/2

[Event "DEM U12 2005"]
[Site "Willingen GER"]
[Date "2005.05.21"]
[Round "11"]
[White "Thiele, Eileen"]
[Black "Weißenburg, Isabel"]
[Result "1/2-1/2"]
[Termination "normal"]
[Board "46"]
[WhiteElo "929"]
[BlackElo "1146"]
[PlyCount "44"]
[BlackFideId "4612922"]
[EventCountry "GER"]
[EventRounds "11"]
[EventType "swiss"]
[EventDate "2005.05.15"]

1. e4 c5 2. Nf3 e6 3. Nc3 a6 4. d3 Be7 5. Bf4 b5 6. Ne2 Bb7 7. g3 Nf6 8. Bg2
O-O 9. O-O Nh5 10. Be3 d6 11. Qd2 f5 12. exf5 exf5 13. Rfe1 Nd7 14. Rad1 Qe8
15. Nf4 Nxf4 16. Bxf4 Qd8 17. b4 Nb6 18. a3 Nd5 19. Bg5 Re8 20. Bxe7 Rxe7 21.
Rxe7 Qxe7 22. Re1 Qf6 1/2-1/2

[Event "DEM U12 2005"]
[Site "Willingen GER"]
[Date "2005.05.21"]
[Round "11"]
[White "Vyelina, Valeriya"]
[Black "Zimmerer, Leah"]
[Result "1/2-1/2"]
[Termination "normal"]
[Board "47"]
[WhiteElo "885"]
[BlackElo "1243"]
[PlyCount "49"]
[WhiteFideId "24677345"]
[BlackFideId "4620240"]
[EventCountry "GER"]
[EventRounds "11"]
[EventType "swiss"]
[EventDate "2005.05.15"]

1. e4 c5 2. Nf3 Nc6 3. d4 cxd4 4. Nxd4 Nf6 5. Nc3 e5 6. Nxc6 bxc6 7. Bc4 Bb4 8.
Bg5 h6 9. Bh4 O-O 10. O-O Bxc3 11. bxc3 Bb7 12. Qd6 Nxe4 13. Qe7 Qxe7 14. Bxe7
Rfe8 15. Bb4 Nd2 16. Bxf7+ Kxf7 17. Rfd1 d5 18. Rxd2 Rac8 19. Rb1 Ba6 20. Bc5
Rc7 21. Bd6 Rd7 22. Bc5 Bc4 23. a3 a5 24. Bb6 Rb7 25. Rdd1 1/2-1/2

[Event "DEM U12 2005"]
[Site "Willingen GER"]
[Date "2005.05.21"]
[Round "11"]
[White "Weber, Max"]
[Black "Kormann, Jewgenija"]
[Result "1/2-1/2"]
[Termination "normal"]
[Board "48"]
[WhiteElo "1128"]
[BlackElo "1210"]
[PlyCount "69"]
[WhiteFideId "4624831"]
[BlackFideId "24606669"]
[EventCountry "GER"]
[EventRounds "11"]
[EventType "swiss"]
[EventDate "2005.05.15"]

1. e4 c6 2. d4 d5 3. Nc3 e6 4. exd5 exd5 5. Bd3 Bd6 6. Nf3 Nf6 7. O-O O-O 8.
Bg5 Bg4 9. h3 Bh5 10. Re1 Nbd7 11. Be2 Bg6 12. Bd3 Bxd3 13. Qxd3 Qc7 14. Re2
Rfe8 15. Rae1 Rxe2 16. Rxe2 h6 17. Be3 Re8 18. Bd2 Rxe2 19. Qxe2 Nb6 20. Ne5
Bxe5 21. Qxe5 Qxe5 22. dxe5 Nfd7 23. f4 h5 24. b3 Kf8 25. Kf2 Ke7 26. Kf3 d4
27. Ne2 c5 28. c3 dxc3 29. Nxc3 Ke6 30. g4 hxg4+ 31. hxg4 Nd5 32. Nxd5 Kxd5 33.
Bc3 g6 34. Ke3 b6 35. Kd3 1/2-1/2